| 000 | 00791cam a22002291 4500 | ||
|---|---|---|---|
| 001 | gs 15000380 | ||
| 003 | DLC | ||
| 005 | 20260227111317.0 | ||
| 008 | 781013s1914 wauab b s000 0 eng | ||
| 010 | _ags 15000380 | ||
| 035 | _a(OCoLC)4292888 | ||
| 040 |
_aDLC _cUU _dOCoLC _dDLC |
||
| 050 | 0 | 0 |
_aQE175 _b.A3 no. 10 |
| 051 |
_aTN805.W2 _bD3 _cCopy 2. |
||
| 100 | 1 |
_aDaniels, Joseph, _d1884-1965. |
|
| 245 | 1 | 4 |
_aThe coal fields of Pierce county, _cby Joseph Daniels. |
| 260 |
_aOlympia, _bF. M. Lamborn, public printer, _c1914. |
||
| 300 |
_a146p. _billus.,2 fold. maps(in pocket)fold. tables,diagrs.(part fold.) _c24 cm. |
||
| 490 | 0 |
_aWashington (State) Geological survey. Bulletin _vno. 10 |
|
| 504 | _aBibliography: p.[130]-131. | ||
| 650 | 0 |
_aCoal _zWashington (State) _zPierce County. |
|
| 999 |
_c25511 _d25511 |
||